[Event "Herzliya"]
[Site "Herzliya"]
[Date "1998.09.06"]
[Round "1"]
[White "Lev, Ronen"]
[Black "Schlosser, Philipp"]
[Result "1/2-1/2"]
[WhiteElo "2460"]
[BlackElo "2505"]
[Annotator "Golod,V"]
[PlyCount "82"]
[EventDate "1998.09.??"]
[EventType "tourn"]
[EventRounds "11"]
[EventCountry "ISR"]
[EventCategory "10"]
[SourceTitle "EXT 1999"]
[Source "ChessBase"]
[SourceDate "1998.11.16"]
[SourceVersion "1"]
[SourceVersionDate "1998.11.16"]
[SourceQuality "1"]

1. d4 Nf6 2. c4 e6 3. Nc3 Bb4 4. Qc2 c5 5. dxc5 a6 $5 ({At the same time black
has several options:} 5... Na6 $5 {(see comments toVaisser,A-Fressinet,L/
Meribel,1998/CBM67(1-0)[Golod,V][40)]}) (5... O-O $5 {(see comments to
Ostenstad,B-Hansen,S/Munkebo,1998/CBM67(1/2-1/2)[Golod,V](26)}) (5... Nc6) ({
and} 5... Bxc5) 6. Nf3 Bxc5 $5 {(transfers to variation:5...Bxc5)} ({Possibly:
} 6... Nc6) 7. Bf4 $5 ({Other alternatives are:} 7. Bg5 $5 Be7 8. e3 d6 9. Be2
Qc7 10. O-O Nbd7 11. Rfd1 O-O 12. Nd4 $14 {1/2-1/2 Sotnikov,I-Rodin,D/St.
Petersburg 1993/EXT 97 (34)}) ({and} 7. a3 $6 Be7 8. e4 d6 9. Bd3 Nbd7 10. b4
b6 11. h3 Bb7 12. Bb2 O-O 13. O-O Qb8 14. Qe2 Rc8 $11 {0-1 Sherbakov,
R-Anastasian,A/Rostov 1993/TD (40)}) 7... Be7 $5 $146 {Black's plan is:d6,0-0.}
({Was checked in the previous games:} 7... Nc6 $5 8. Rd1 b5 $5 9. cxb5 axb5 10.
e3 Qa5 11. Bxb5 Nb4 12. Qb3 Nbd5 13. a4 Ne4 14. Be5 Ndxc3 15. bxc3 O-O $44 {
1/2-1/2 Gurevich,M-Anastasian,A/Moscow 1992/CBM 33 (51)}) (7... b6 $5 8. e3 Bb7
9. Be2 Be7 10. Rd1 Nh5 11. Bg3 Nc6 12. a3 Rc8 13. Qd3 Nxg3 14. hxg3 h6 15. Kf1
$13 {1-0 Ionov,S-Anastasian,A/St.Petersburg 1993/TD (38)}) (7... O-O $5 8. e4
d6 9. O-O-O Qe7 10. a3 Rd8 11. e5 dxe5 12. Rxd8+ Qxd8 13. Nxe5 Nbd7 {1/2-1/2
Khalifman,A-Atlas,V/BL9394 1994/GER-chT (13)}) (7... b5 $6 8. e4 Ng4 9. Bg3 O-O
10. cxb5 Qa5 11. Bd3 axb5 12. O-O Ba6 13. h3 b4 14. hxg4 bxc3 15. bxc3 Rc8 16.
Rfd1 $14 {1-0 Michaelsen,N-Maier,C/BL9596 1996/GER-chT (49)}) 8. e4 $5 {
[%csl Rd6][%cal Ge4e5,Ga1d1,Gf4d6]} d6 {The best move.} ({Badly:} 8... O-O {
because of:} 9. e5 Ne8 (9... Nh5 $143 10. Be3 f5 11. Rd1 Nc6 12. Be2 $16 {
[%csl Rh5]}) 10. Rd1 $14 (10. O-O-O $5)) ({After} 8... Nc6 $6 {also 9.e5 with
the initiative.}) 9. O-O-O $5 {><d6;/\e5,Another options:9.Rd1and white's plan
is:Be2,0-0.} Qc7 {-is the best move.} ({Badly:} 9... Qb6 {in view of:} 10. Qd2
$1 {[%csl Rd6]} e5 (10... O-O $143 11. Bxd6 Bxd6 (11... Rd8 $4 12. Nd5 $1 $18)
12. Qxd6 Qxf2 13. e5 $16) 11. Bg5 Nbd7 12. h3 {and white has a positional
advantage.}) ({Also badly:} 9... Nc6 {because of:} 10. e5 Nh5 11. Be3 $16 {
[%csl Rh5][%cal Gg2g4]} (11. exd6 $2 Nxf4 12. dxe7 Qxe7 13. g3 Ng6 $14)) 10. e5
$5 ({Good enough:} 10. Qd2 e5 11. Bg5 Nbd7 12. Kb1 (12. h3 $2 b5 $1 $36) 12...
h6 13. Be3 (13. Bh4 $143 O-O {+/=/=}) 13... Ng4 14. Nd5 Qc6 $14) 10... dxe5 ({
Loses:} 10... d5 {in view of:} 11. Bg5 {[%csl Rd5,Rf6]}) 11. Bxe5 $5 ({Can be
recommended:} 11. Nxe5 $5 Qa5 (11... Bd6 $2 12. Rxd6 $1 (12. Qd3 $143 Nh5 13.
Qxd6 Qxd6 14. Rxd6 Nxf4 15. g3 Ng6 (15... Ke7 $2 16. gxf4 Kxd6 17. Nxf7+ Ke7
18. Nxh8 $18) 16. Nxg6 hxg6 17. Bg2 Ke7 $14) 12... Qxd6 13. Ng6 e5 (13... Qd4
14. Ne2 $1 $18 {[%csl Ge2,Rh8][%cal Re2d4,Ye2f4]} (14. Be3 $2 Qxe3+ 15. fxe3
hxg6 $16)) 14. Bxe5 Qe6 (14... Qc5 15. Qe2 $1 $18 {[%csl Rc5,Re8,Rh8][%cal
Ge5d6]}) 15. Nd5 $1 {[%csl Ra8,Gc2,Rc8,Re6,Re8,Rh8][%cal Gd5c7,Gc2c8]} Nxd5 16.
cxd5 Qxg6 (16... Qf5 17. Qxf5 Bxf5 18. Nxh8 $18) 17. Qxc8+ Ke7 18. d6+ $18) 12.
Be2 {with the idea g4 or Bf3.}) 11... Qa5 $140 12. Qa4+ ({Dubious:} 12. Bd3 $6
{because of:} Nc6 {[%csl Rd3,Re5][%cal Gc6e5,Gc6b4]}) 12... Qxa4 ({Worse is:} 
12... Nc6 13. Qxa5 Nxa5 14. Na4 $1 $16 {[%cal Ga4b6]}) 13. Nxa4 Nbd7 $8 14. Bd4
{+/=/=} (14. Bg3 $143 Ne4 $11) 14... O-O 15. Bd3 $5 {/\Rhe1,Ne5 or Nb6.} Rd8 $6
({Possibly:} 15... b5 $5 16. cxb5 Bb7 $5 $44 (16... axb5 $143 17. Bxb5 Bb7 18.
Nc3 $14)) 16. Nb6 $5 {Besides,white has a two alternatives:} (16. Rhe1 $5 Bb4
17. Bc3 Bxc3 18. Nxc3 {and white has a slightly better endgame.}) (16. Ne5 $5
Nxe5 17. Bxe5 $14) 16... Nxb6 17. Bxb6 $14 Rd6 ({Worse is:} 17... Re8 18. Ne5
$1 {+/=/+/-}) 18. Bc7 $5 (18. c5 $2 Rd5 19. Bc4 (19. b4 a5 $1 $36) 19... Rxd1+
20. Rxd1 Nd7 $13 {[%csl Rb6,Rc5]}) (18. Bc5 $143 Rd7 (18... Rxd3 19. Bxe7 {
+/=/+/-}) 19. Bxe7 Rxe7 {+/=/=}) 18... Rd7 ({Dubious:} 18... Rc6 {in view of:}
19. Bf4 {[%csl Rc6][%cal Gf3e5]}) 19. Ba5 {/\Ne5(צd7)} Bc5 {[%csl Rf2][%cal
Gd7e7]} 20. Ne5 Re7 21. Bc2 $5 {[%cal Gd1d8]} ({Senseless:} 21. Bd8 $2 Re8 {
[%csl Rd8,Rf2]} 22. Bxf6 gxf6 23. Ng4 Kg7 $15) 21... b6 ({It is impossible:} 
21... Bxf2 $2 {in view of:} 22. Ng4 $1 {[%csl Rf2,Rg8][%cal Gd1d8]} Bc5 (22...
b6 23. Rd8+ Ne8 $8 24. Be4 Rb8 (24... Bb7 $2 25. Rxa8 Bxe4 (25... Bxa8 26. Bxa8
$18 {[%csl Rf2]}) 26. Rxe8+ $1 Rxe8 27. Nxf2 Bxg2 28. Rg1 $18) 25. Bc3 Bc5 26.
Ne5 $1 $16 {[%cal Ge5c6]}) (22... Bh4 $2 23. Rd8+ Ne8 24. Bb4 $18) 23. Nxf6+
gxf6 24. Bd8 Rd7 25. Bxf6 $16) 22. Be1 $6 {/\b4(ץc5)} (22. Rd8+ $142 Ne8 $5 (
22... Re8 $143 23. Rxe8+ Nxe8 24. Be4 Ra7 25. Rd1 $36 {[%csl Rc8,Re8][%cal
Gd1d8]}) 23. Nc6 Kf8 24. Nxe7 Kxe7 25. Rxe8+ (25. Rxc8 $143 Rxc8 26. Be1 Nf6
$11) 25... Kxe8 26. Bc3 {and white has a slight positional advantage in the
endgame.}) 22... Rc7 $5 {[%cal Gc8b7,Yc5f8]} 23. Rd8+ Bf8 24. f3 {/\Bf2(קb6)}
({A little bit better is:} 24. Bb4 $5 Bb7 25. Rhd1 Rxd8 $1 (25... Rcc8 $2 26.
Rxf8+ Rxf8 27. Bxf8 Rxf8 (27... Kxf8 $2 28. g4 $1 h6 29. h4 g5 30. hxg5 hxg5
31. f4 $1 gxf4 32. g5 {[%csl Rb7,Rf7][%cal Gd1d7] +/-/+-}) 28. f3 $14) 26. Rxd8
Rc8 27. Rxc8 Bxc8 28. Bxf8 Kxf8 {+/=/=}) 24... Bb7 25. Rxa8 Bxa8 26. Bf2 b5 $5
{><d5} 27. Rd1 $1 Rc8 $5 ({Worse is:} 27... bxc4 28. Rd8 Bb7 (28... Bd5 $2 29.
Bb6 Re7 30. Ba4 $16 {[%csl Re7,Rf8][%cal Gb6c5,Ga4e8]}) 29. Bb6 (29. Kd2 $5)
29... Rc8 30. Rxc8 Bxc8 31. Nxc4 Nd5 {+/=/=}) 28. cxb5 (28. c5 $2 Bd5 {[%csl
Ra2,Rc5]} (28... Bxc5 $4 29. Bxc5 Rxc5 30. Rd8+) 29. b4 Bxa2 $15) 28... axb5
$11 29. Nd7 (29. Kb1 $143 Bd5 {and black has a slight advantage.}) 29... Nxd7
30. Rxd7 Bd5 31. Ra7 {[%cal Ya7a2]} Bd6 $5 ({Can be recommended:} 31... h5) 32.
Bg3 $5 ({Worse is:} 32. h3 {because of:} Bc4 $15 {/\Bf1(קg2;h3)}) (32. h4 $5)
32... Bxg3 33. hxg3 Bc4 {[%csl Rg2][%cal Gc4f1]} 34. Kd2 Bf1 35. Bd1 Kf8 {/\Rc5
} (35... Bxg2 $2 36. Be2 {[%csl Rb5,Rg2]} f5 (36... b4 37. Rb7 {+/=/+/-}) 37.
Rb7 {+/=/+/-}) 36. Rb7 (36. Ke1 $6 Bxg2 37. Be2 Rc2 38. b4 e5 $1 $132) 36...
Rc5 37. b4 Rd5+ 38. Ke1 Bc4 (38... Bxg2 $2 39. Be2 {/\Kf2or f4;קb5}) 39. a4
Re5+ 40. Kf2 ({Badly:} 40. Kd2 {in view of:} bxa4 41. Bxa4 $140 Re2+ $1 42. Kc3
Bd5 $17 {[%csl Rf3,Rg2,Rg3]}) 40... Rd5 41. Ke1 $8 Re5+ {In my opinion after a
long defence black should be glad to repeat the moves.} 1/2-1/2

[Event "Yangon zt"]
[Site "Yangon"]
[Date "1998.12.16"]
[Round "9"]
[White "Dao, Thien Hai"]
[Black "Antonio, Rogelio Jr"]
[Result "0-1"]
[WhiteElo "2580"]
[BlackElo "2540"]
[Annotator "Golod,V"]
[PlyCount "56"]
[EventDate "1998.12.??"]
[EventType "swiss"]
[EventRounds "9"]
[EventCountry "BUR"]
[SourceTitle "CBM 069"]
[Source "ChessBase"]
[SourceDate "1999.04.01"]
[SourceVersion "1"]
[SourceVersionDate "1999.04.01"]
[SourceQuality "1"]

1. d4 Nf6 2. c4 e6 3. Nc3 Bb4 4. Qc2 c5 5. dxc5 Na6 6. a3 $5 (6. Nf3 {-see
comments to Galkin,A-Sveshnikov,E/St.Petersburg 1998/CBM 67(0-1)(Golod,V) (38)}
) 6... Bxc3+ 7. Qxc3 Nxc5 8. b4 $5 (8. f3 $5 {-see comments to Vaisser,
A-Fressinet,L/Meribel 1998/CBM 67(1-0)(Golod,V)(40)}) 8... Nce4 $5 {-is the
main line,another alternativ is:} (8... Na4 $5) 9. Qc2 $5 {[%mdl 4] besides,
white has two options:} (9. Qd4 $5 {-see comments to Ionov,S-Aseev,K/St.
Petersburg 1997/CBM 58(0-1)(Ftacnik)(27)}) ({and} 9. Qb2 $5 {-see comments to
Soffer,R-Tsesarsky,I /PetahTikva1998/CBM63 (1-0)(Tsesarsky)(50)}) 9... d5 (9...
Nxf2 $5 {-see comments to Skomorokhin,R-Aseev,K/St.Petersburg 1996/CBM 56(0-1)
(Shipov)(41)}) 10. f3 $5 {-is the main line,other options are:} (10. e3) (10.
c5 $5) ({and} 10. cxd5) 10... Nd6 11. c5 ({Slightly worse is:} 11. cxd5 exd5 (
11... Nxd5 $2 12. e4 Nb6 13. Bb2 O-O 14. Rd1 $16 {1-0 Aurell,B-Fels,K/Bad
Woerishofen 1992/EXT 97 (39)}) 12. e3 Bf5 13. Bd3 (13. Qc5 $5) 13... Bxd3 14.
Qxd3 Nc4 15. Ne2 Rc8 16. Kf2 O-O 17. Bd2 Re8 $15 18. Nd4 Nd7 19. f4 Nf6 20. Nb3
Ne4+ 21. Kf3 Ncxd2+ {0-1 Lim Kok Ann-Dorawa,B/Bad Wildbad 1993/EXT 97 (21)})
11... Nf5 ({Dubious:} 11... Nc4 {in view of:} 12. e4 b5 13. Bxc4 dxc4 14. Ne2
a5 15. Bb2 $14 {1-0 Shemiakin,V-Gasanov,R/Simferopol 1989/EXT 97 (35)}) 12. e3
Nd7 $5 ({Besides,black has few options:} 12... e5 $5 13. Bb5+ Kf8 (13... Bd7 $2
{Kanstler}) 14. Ne2 a5 $13 {1/2-1/2 Budovic,E-Kosikov,A/Beltsy 1979/MCD (32)} (
14... e4 $6 {-see comments to Ivanov,S-Aseev,K/St.Petersburg 1996/CBM 56/(1-0)
[Kanstler](27)}) (14... Be6 $32 $14 {Kanstler})) (12... O-O $6 13. Bd3 (13. g4
$5 Nh4 14. Bb2 Re8 15. Qf2 Nd7 16. Ne2 a5 17. g5 $36 {1-0 Leyva,H-Ponce,H/
Holguin 1992/EXT 98 (37)}) 13... Ne7 $5 (13... Qc7 $143 14. Bxf5 exf5 15. Ne2
Re8 16. O-O $14 {1-0 Morales,J-Perera,P/Las Palmas 1989/EXT 97 (41)}) (13...
Nd7 14. Bxf5 exf5 15. Ne2 a5 16. Rb1 axb4 17. axb4 Ne5 18. O-O $14 {1-0
Nikolaev,V-Barbitskij,A/St Petersburg 1998/EXT 99 (35)}) 14. Bb2 Ng6 15. Ne2
Re8 16. O-O e5 17. Rad1 {1/2-1/2 Varga,P-Szabo,Z/Budapest 1997/CBM 56 ext (21)
+/=/=}) (12... Qc7 $5 13. Rb1 e5 14. g4 Ne7 15. Bb2 O-O 16. Ne2 Be6 17. Ng3
Rad8 18. Be2 Ne8 19. O-O f6 $11 {1/2-1/2 Leyva,H-Moran,A/Capablanca mem-C 1992/
TD (72)}) 13. Nh3 $6 $146 ({Better is:} 13. Bd3 {-was checked in the previous
game Dao Thien Hai.} Qf6 14. Ra2 O-O 15. Nh3 Ne5 16. Bxf5 exf5 17. O-O $14 {
1-0 Dao Thien Hai-Zhidkov,V/Budapest 1994/EXT 97 (51)}) 13... a5 $1 ({After:} 
13... Qf6 14. Ra2 O-O 15. Bd3 {white has a slight advantage.}) 14. g4 $2 ({
Can be recommended:} 14. Rb1 axb4 15. axb4 O-O $11) 14... Nh4 {[%csl Rb4,Rf3]
[%cal Gh4f3,Ga5b4]} 15. Be2 $6 ({Slightly better is:} 15. Ng1 $5 axb4 16. Qb2
Qf6 $1 {[%csl Ra1]} 17. Qxf6 Nxf6 {=/+/-/+}) 15... axb4 16. O-O $6 {After this
move black has a big advantage.} (16. Bb2 $5 Qa5 $1 (16... b3 $6 17. Qxb3 O-O (
17... Qa5+ 18. Bc3 Qxc5 (18... Nxc5 $2 19. Qc2 $14 {[%cal Gc3g7]}) 19. Bxg7 Rg8
20. Bd4 Qa5+ $132)) 17. O-O (17. Bxg7 $6 b3+ 18. Qc3 Rg8 {[%csl Gb3,Rc5] =/+/-/
+}) 17... b3 18. Qxb3 O-O $15) 16... O-O $17 17. Bb2 bxa3 18. Bxa3 {[%csl Rf8]
[%cal Gc5c6]} (18. Rxa3 $142 $5 Rxa3 19. Bxa3 Qa5 20. Ra1 e5 $17) 18... Re8 19.
c6 (19. Bd3 $5) 19... Ne5 $5 20. Be7 $140 $2 {[%mdl 8192]} ({It is much better:
} 20. c7 $5) ({and:} 20. f4 Nxc6 21. Be7 Qxe7 $1 (21... Qb6 $4 22. Bc5 $18 {
[%csl Ra8,Rb6]}) (21... Rxa1 $6 22. Bxd8 Rxf1+ 23. Bxf1 Rxd8 {=/=/+}) 22. Rxa8
e5 $36) 20... Nexf3+ $1 21. Bxf3 $8 ({Loses right away:} 21. Kh1 {because of:}
Qc7 $1 {[%csl Rh1][%cal Gc7h2]} 22. Bxf3 Rxa1 23. Rxa1 Nxf3 $19) ({Also loses:
} 21. Kf2 {in view of:} Qc7 $1 {[%csl Rf2][%cal Gc7h2]} 22. Bxh4 $8 (22. Bxf3
$2 Qxh2+ $19 {[%csl Rc2]}) 22... Rxa1 23. Bxf3 (23. Kxf3 Qxc6 {and black
transfers to the winning endgame:} 24. Qxc6 Rxf1+ 25. Bxf1 bxc6 $19) 23...
Rxf1+ 24. Kxf1 Qxc6 $19) 21... Nxf3+ 22. Kg2 (22. Kh1 $4 Rxa1 23. Bxd8 $140
Rxf1+ 24. Kg2 Ne1+ 25. Kxf1 Nxc2 $19) (22. Kf2 $144 Qxe7 (22... Qc7 $4 {
is refuted by:} 23. Rxa8 $1 Qxh2+ 24. Kxf3 Qxc2 (24... Qxh3+ $142 25. Ke2 $16)
25. cxb7 {[%csl Gb7,Rg8]} Qc4 26. Kf2 $18) 23. Rxa8 Ne5 {[%csl Rc6,Rg4][%cal
Ge5c6,Ge5g4] -/+/-+}) 22... Qxe7 $1 ({Also badly:} 22... Qc7 {because of:} 23.
Rxa8 Qxh2+ 24. Kxf3 {and see previous variation.}) 23. Rxa8 Ne5 {[%csl Rc6,Rg4]
[%cal Ge5c6,Ge5g4]} 24. cxb7 Qxb7 {/\d4} 25. Qa4 Rf8 $5 {/\Nc4(קe3) and with
the idea Nb6} 26. Kg3 Nc4 $19 27. Ng5 $2 (27. Qa7 $142 Nxe3 28. Re1 (28. Qxb7
$2 Nxf1+) 28... Qxa7 29. Rxa7 d4 $19) 27... f6 (27... Nb6 $2 28. Qc2 $17 {
[%csl Rh7]}) 28. Nf3 Nb6 {[%csl Ra4,Ra8]} 0-1

[Event "Excelsior Cup"]
[Site "Gothenburg"]
[Date "1999.01.11"]
[Round "5"]
[White "Hillarp Persson, Tiger"]
[Black "Brynell, Stellan"]
[Result "1-0"]
[WhiteElo "2482"]
[BlackElo "2489"]
[Annotator "Golod,V"]
[PlyCount "91"]
[EventDate "1999.01.07"]
[EventType "tourn"]
[EventRounds "9"]
[EventCountry "SWE"]
[EventCategory "10"]
[SourceTitle "CBM 069"]
[Source "ChessBase"]
[SourceDate "1999.04.01"]
[SourceVersion "1"]
[SourceVersionDate "1999.04.01"]
[SourceQuality "1"]

1. d4 e6 2. c4 Nf6 3. Nc3 Bb4 4. Qc2 c5 5. dxc5 Na6 $5 ({Black has several
options:} 5... O-O $5) (5... Bxc5 $5) (5... Nc6 $5) 6. a3 Bxc3+ 7. Qxc3 Nxc5 8.
f3 $5 ({Another line is:} 8. b4 $5) 8... d5 $5 (8... a5 $5 {-is the main line})
9. cxd5 b6 10. b4 Na4 11. Qc2 $5 ({Another line is:} 11. Qb3 $5 {-see comments
to Vaisser,A-Fressinet,L/Meribel 1998/CBM 67(1-0)(Golod,V)(40)}) 11... b5 {
-from 11...b5 to- 14.Qf2 of this game,you can see comments in the game:Vaiser,
A-Fressinet,L/Meribel 1998/CBM 67(1-0)(Golod,V) (40)} 12. e4 a6 13. Bd3 $5 {
Besides,} (13. Be3 $5) ({and} 13. Bg5 $5 {1/2-1/2 Kramer,G-Glattacker,G/Bad
Woerishofen 1991/EXT 98 (72)-was checked in the previous game.}) 13... Bb7 14.
Qf2 O-O $5 $146 ({Worse is:} 14... exd5 15. e5 Qe7 16. Qd4 Nd7 17. f4 f6 18.
Nf3 O-O 19. O-O $14 {1-0 Bacrot,E-Degraeve,J/ch-FRA, Meribel FRA 1998 (33)})
15. Qd4 $5 {/\Ne2, 0-0 and after 15...ed4-16.e5} ({Also,can be recommended:} 
15. Ne2) 15... Re8 ({After:} 15... exd5 16. e5 Re8 (16... Ne8 $6 {[%cal Ge8c7,
Gc7e6]} 17. f4 $1 Nc7 $140 18. f5 $16) 17. Ne2 Nd7 {-see current game.}) 16.
Ne2 {[%cal Ye2d4]} ({Dubious:} 16. Bg5 exd5 17. e5 {in view of:} Qb6 $1 $36)
16... exd5 $8 17. e5 Nd7 ({Loses away:} 17... Nh5 {because of:} 18. g4 {
[%csl Rh5]} Qh4+ 19. Qf2 Qxf2+ 20. Kxf2 Rxe5 21. gxh5 $18) 18. f4 f6 $1 ({
Badly:} 18... Nf8 19. O-O Ne6 20. Qf2 $40 {[%csl Ge5,Gf4][%cal Gf4f5]}) ({
After:} 18... Qh4+ 19. Qf2 Qxf2+ 20. Kxf2 {white has a big positional
advantage.}) 19. exf6 Qxf6 $1 $11 {[%csl Rd4,Ge8]} ({Slightly worse is:} 19...
Nxf6 20. O-O {+/=/=}) 20. O-O Rac8 $5 {/\Nc3} ({Good enough:} 20... Re7 {
[%cal Ga8e8,Ge7e2]}) 21. Ra2 {[%cal Ya2e2]} Nc3 22. Qxf6 $8 Nxf6 (22... Nxe2+
$143 23. Rxe2 Nxf6 24. Re5 $1 Rc3 (24... Ne4 25. Bb2 $14) 25. Bf5 $14) 23. Nxc3
Rxc3 24. Rd2 {is the best move(><d3;with the idea Bb2).} Ne4 ({Dubious:} 24...
Re3 {because of:} 25. Bb1 {/\Bb2}) 25. Rdd1 Nd6 $5 {[%csl Rc1][%cal Gd6c4]} ({
Also,can be recomended:} 25... Rec8 $11) 26. Bb2 {[%csl Gb2]} Rb3 27. Bd4 $5
Rxa3 $140 28. Rf3 $44 {[%csl Ra3][%cal Gd3h7]} Ra2 ({Badly:} 28... Ra4 {
in view of:} 29. Rg3 g6 30. Bc5 Ne4 31. Bxe4 Rxe4 32. f5 {with strong
initiative.}) 29. Rg3 Re7 (29... g6 $2 {is refuted by:} 30. Bxg6 $1 {[%csl Rd6]
} (30. f5 $5 Ne4 $140 31. fxg6 $1 $40) 30... hxg6 31. Rxg6+ Kf8 32. Rxd6 $16)
30. f5 {[%cal Gf5f6]} Rf7 {[%mdl 256] -is the best defense.} 31. f6 g6 32. h4
$1 {[%csl Rg6][%cal Gh4h5]} Ne4 $1 {-is the best reaction to-32.h4} 33. Bxe4 ({
Senseless:} 33. Rf3 {in view of:} Ra4 {[%csl Rb4]}) 33... dxe4 34. h5 e3 $1 35.
Rxe3 $5 {[%mdl 128] is the better,then:} (35. hxg6 hxg6 36. Rxg6+ Kh7 37. Rg4
Bc8 (37... e2 $143 38. Re1 $14 {[%csl Re2]}) 38. Rh4+ Kg6 $11) ({or:} 35. Bxe3
Rxf6 36. hxg6 hxg6 $8 (36... Rxg6 $4 37. Rxg6+ hxg6 38. Rd8+ Kf7 39. Rd7+ $18 {
[%csl Rb7]}) 37. Rd8+ Rf8 38. Rxg6+ Kf7 {[%cal Gf7g6,Gf8d8]} 39. Rdd6 {+/=/=})
35... Rxg2+ 36. Kf1 Bc6 $4 $138 {[%mdl 8192]} (36... Rd7 $5 $13) 37. Bc3 $4
$138 {[%mdl 8192]} ({After:} 37. Rc1 {white has a forcing win:} Rd2 {(Rg4)} (
37... Bb7 38. Re8+ Rf8 39. Rc7 $1 {[%cal Gc7g7,Gc7b7]} Rxe8 $140 40. f7+ Kf8
41. Bg7+ $1 $18) 38. Rxc6 $1 Rxd4 39. Rc8+ Rf8 40. f7+ $1 Kg7 (40... Kxf7 41.
Rf3+ $18) 41. h6+ Kxf7 42. Rf3+ $18) 37... Rc2 38. Rd8+ $6 (38. Rg3 $142 $11)
38... Rf8 39. Rd6 Rc8 $5 {/\Be8-f7} 40. Bd4 gxh5 $4 $138 {[%mdl 8192]} (40...
Be8 $142 $5) 41. Rg3+ Kf7 ({Worse is::} 41... Kf8 {because of:} 42. Be3 $1 {
[%csl Rf8][%cal Ge3h6]} (42. Bc5 $2 Rxc5 43. bxc5 b4 $13) 42... Kf7 43. Rg7+
Kf8 44. Bh6 Be8 45. Re6 {+/-/+-}) 42. Rg7+ Kf8 43. Be3 $1 {[%csl Rf8][%cal
Ge3h6]} Be8 (43... h6 $143 44. Bxh6 Be8 45. Re6 $1 $18) 44. Bh6 {/\45.Re6 and
46.Rc7+} h4 $6 (44... Rc1+ $142) 45. Re6 h3 $4 {[%mdl 8192]} (45... Rc1+ $8 46.
Bxc1 Rxc1+ 47. Kf2 $16) 46. Rc7+ $1 (46. Rc7+ $1 Kg8 $140 47. Rxe8+ $1 Rxe8 48.
f7+ Kh8 49. fxe8=Q#) 1-0